[Event "Arctic Chess Challenge"]
[Site "Tromso NOR"]
[Date "2010.08.08"]
[Round "9"]
[White "Collins,S IRL"]
[Black "Elsness,F"]
[Result "1/2-1/2"]
[WhiteElo "2408"]
[BlackElo "2485"]
[EventDate "2010.07.31"]

1. e4 c5 2. Nf3 d6 3. c3 Nf6 4. Bd3 Nc6 5. Bc2 Bg4 6. h3 Bxf3 7. Qxf3 g6 8.
O-O Bg7 9. Rd1 O-O 10. d3 b5 11. Be3 Rc8 12. Qe2 b4 13. cxb4 Nxb4 14. Nc3
d5 15. Bg5 Nc6 16. Ba4 Nd4 17. Qe1 dxe4 18. dxe4 h6 19. Be3 e5 20. Rab1 Qa5
21. Bd2 Rfd8 22. b3 Qb6 23. Rbc1 Qb7 24. f3 Kh7 25. Kh1 c4 26. bxc4 Rxc4
27. Rb1 Qa6 28. Bb3 Nxb3 29. axb3 Rc7 30. Be3 Rxd1 31. Rxd1 Qb7 32. Rb1 Bf8
33. Bd2 Rd7 34. Qe3 Qa6 35. Be1 Bb4 36. Qe2 Qxe2 37. Nxe2 Bxe1 38. Rxe1 Rd2
39. Nc3 Rd3 40. Rc1 a5 41. Kg1 Nh5 42. Kf1 Nf4 43. Nd5 Nxd5 44. exd5 Rxd5
45. Rc7 Kg7 46. Rb7 Rd1+ 47. Kf2 Rd2+ 48. Kg3 Kf6 49. Rb6+ Kf5 50. Rb5 Rd3
51. Rxa5 Rxb3 52. h4 h5 53. Kf2 Rb2+ 54. Kg3 Rb4 55. Ra6 f6 56. Rc6 Rb2 57.
Ra6 g5 58. hxg5 Kxg5 59. f4+ Kf5 60. fxe5 fxe5 61. Rh6 Kg5 62. Re6 Rb3+ 63.
Kf2 Kf4 64. Rf6+ Ke4 65. Rh6 Rb2+ 66. Kg3 Ke3 67. Rxh5 e4 68. Ra5 Ke2 69.
Kf4 e3 70. g4 Rb4+ 71. Kg3 Re4 72. g5 Re8 73. Kg2 Kd3 74. Ra3+ Ke4 75. Ra4+
Kf5 76. Kf1 Kxg5 77. Ke2 Kf5 78. Ra5+ Kf4 79. Ra4+ Kg3 1/2-1/2

[Event "Arctic Chess Challenge"]
[Site "Tromso NOR"]
[Date "2010.08.08"]
[Round "9"]
[White "Malakhatko,V"]
[Black "Tjiam,D"]
[Result "1/2-1/2"]
[WhiteElo "2576"]
[BlackElo "2385"]
[EventDate "2010.07.31"]

1. c4 Nf6 2. Nc3 e5 3. e3 Bb4 4. Nge2 O-O 5. a3 Be7 6. d4 exd4 7. Qxd4 Nc6
8. Qd1 Ne5 9. Nf4 c6 10. Be2 d6 11. O-O a6 12. b3 b5 13. Nd3 Be6 14. Nxe5
dxe5 15. Qc2 Qc7 16. Bd2 Rac8 17. Rfc1 Rfd8 18. Be1 Qb8 1/2-1/2

[Event "Arctic Chess Challenge"]
[Site "Tromso NOR"]
[Date "2010.08.08"]
[Round "9"]
[White "Solomon,K"]
[Black "Abbasov,F"]
[Result "0-1"]
[WhiteElo "2383"]
[BlackElo "2549"]
[EventDate "2010.07.31"]

1. d4 Nf6 2. Nf3 g6 3. c4 Bg7 4. Nc3 O-O 5. e4 d6 6. Be2 e5 7. Be3 c6 8.
O-O exd4 9. Nxd4 Qe7 10. Bf3 Nbd7 11. Re1 Ne5 12. Be2 Nfg4 13. Nc2 Nxe3 14.
Nxe3 Nd7 15. Rc1 Nc5 16. Bf3 a5 17. b3 Qc7 18. Qd2 Be6 19. Red1 Rad8 20.
Rb1 Rfe8 21. Qc2 Bc8 22. Ne2 Qe7 23. Nc3 Qf6 24. Rbc1 Ne6 25. Bg4 h5 26.
Bxe6 Rxe6 27. Rd3 h4 28. h3 Qg5 29. Rcd1 Rde8 30. Kf1 Qf4 31. Qd2 Qh2 32.
f3 f5 33. exf5 gxf5 34. Kf2 Rg6 35. Rg1 Bh6 36. Ncd1 Qg3+ 37. Kf1 Rge6 38.
Qf2 f4 39. Qxg3+ hxg3 0-1